<?xml version="1.0" encoding="UTF-8"?><?xml-stylesheet type="text/xsl" href="static/style.xsl"?><OAI-PMH xmlns="http://www.openarchives.org/OAI/2.0/" xmlns:xsi="http://www.w3.org/2001/XMLSchema-instance" xsi:schemaLocation="http://www.openarchives.org/OAI/2.0/ http://www.openarchives.org/OAI/2.0/OAI-PMH.xsd"><responseDate>2026-06-02T11:46:39Z</responseDate><request verb="GetRecord" identifier="oai:riuma.uma.es:10630/30781" metadataPrefix="marc">https://riuma.uma.es/rest/oai/request</request><GetRecord><record><header><identifier>oai:riuma.uma.es:10630/30781</identifier><datestamp>2026-02-03T12:13:28Z</datestamp><setSpec>com_10630_2254</setSpec><setSpec>col_10630_37959</setSpec></header><metadata><record xmlns="http://www.loc.gov/MARC21/slim" xmlns:dcterms="http://purl.org/dc/terms/" xmlns:doc="http://www.lyncode.com/xoai" xmlns:xsi="http://www.w3.org/2001/XMLSchema-instance" xsi:schemaLocation="http://www.loc.gov/MARC21/slim http://www.loc.gov/standards/marcxml/schema/MARC21slim.xsd">
   <leader>00925njm 22002777a 4500</leader>
   <datafield ind2=" " ind1=" " tag="042">
      <subfield code="a">dc</subfield>
   </datafield>
   <datafield ind2=" " ind1=" " tag="720">
      <subfield code="a">Baquero Aguilar, Jorge</subfield>
      <subfield code="e">author</subfield>
   </datafield>
   <datafield ind2=" " ind1=" " tag="260">
      <subfield code="c">2024</subfield>
   </datafield>
   <datafield ind2=" " ind1=" " tag="520">
      <subfield code="a">Todos los años, estudiantes de distintos cursos de los diversos Grados en Ciencias Jurídicas y Sociales de la Universidad de Málaga, con ocasión del Día Internacional de las Mujeres que se celebra el 8 de marzo, plantean la posibilidad de ejercer -como estudiantes- su derecho a huelga en apoyo a la Huelga Feminista convocada por las Organizaciones Sociales en toda España. Mediante una metodología activa y participativa se aprovecha la ocasión para explicar el derecho a huelga que otorga nuestra Carta Magna a las personas trabajadoras.&#xd;
Haciendo uso de una dinámica de la clase inclusiva y colaborativa, se introduce el enfoque de género, se enseñan valores de igualdad, se explican nociones sobre feminismo... En definitiva, se trata de concienciar sobre la importancia del activismo personal en todos los órdenes de nuestras vidas. Para ello, la implicación del profesorado juega un papel preponderante y fundamental.</subfield>
   </datafield>
   <datafield ind1="8" ind2=" " tag="024">
      <subfield code="a">Baquero Aguilar, J.: "Feminismo y Derecho a Huelga para estudiantes de Grado en Ciencias Jurídicas y Sociales. La importancia del Rol del profesorado ante la igualdad de género".</subfield>
   </datafield>
   <datafield ind1="8" ind2=" " tag="024">
      <subfield code="a">https://hdl.handle.net/10630/30781</subfield>
   </datafield>
   <datafield tag="653" ind2=" " ind1=" ">
      <subfield code="a">Derecho constitucional</subfield>
   </datafield>
   <datafield tag="653" ind2=" " ind1=" ">
      <subfield code="a">Sindicatos - Legislación</subfield>
   </datafield>
   <datafield tag="653" ind2=" " ind1=" ">
      <subfield code="a">Derecho laboral</subfield>
   </datafield>
   <datafield ind2="0" ind1="0" tag="245">
      <subfield code="a">Feminismo y derecho a huelga para estudiantes de Grado en Ciencias Jurídicas y Sociales. La importancia del rol del profesorado ante la igualdad de género.</subfield>
   </datafield>
</record>
</metadata></record></GetRecord></OAI-PMH>